书目信息 |
| 题名: |
世界地理之最词典
|
|
| 作者: | 刘伉 主编 | |
| 分册: | ||
| 出版信息: | 上海 上海辞书出版社 1987 |
|
| 页数: | 271页 | |
| 开本: | 19cm | |
| 丛书名: | ||
| 单 册: | ||
| 中图分类: | K91-61 , K-61 | |
| 科图分类: | ||
| 主题词: | 地理--世界--词典 , 历史 | |
| 电子资源: | ||
| ISBN: | ||
| 000 | 00670nam0 2200253 450 | |
| 001 | 1536885257 | |
| 005 | 20150126101523.51 | |
| 010 | @dCNY1.35 | |
| 091 | @a12187.6@d¥1.35 | |
| 100 | @a19900830d1987 em y0chiy0110 ea | |
| 101 | 0 | @achi |
| 102 | @aCN@b310000 | |
| 105 | @ak e 000yy | |
| 200 | 1 | @a世界地理之最词典@9shi jie di li zhi zui ci dian@f刘伉主编 |
| 210 | @a上海@c上海辞书出版社@d1987 | |
| 215 | @a271页@c表@d19cm | |
| 300 | @a附: 世界地理之最扩大比较资料表 | |
| 606 | 0 | @a地理@y世界@x词典 |
| 606 | 0 | @a历史 |
| 690 | @aK91-61@v5 | |
| 690 | @aK-61@v4 | |
| 701 | 0 | @a刘伉@9liu kang@4主编 |
| 801 | 0 | @aCN@bTSSF@c20150126 |
| 905 | @aZUCC@dK-61@eJY18 | |
| 世界地理之最词典/刘伉主编.-上海:上海辞书出版社,1987 |
| 271页:表;19cm |
| 附: 世界地理之最扩大比较资料表 |
| ISBN :CNY1.35 |
| ● |
| 相关链接 |
|
|
|
|
正题名:世界地理之最词典
索取号:K-61/JY18
 
预约/预借
| 序号 | 登录号 | 条形码 | 馆藏地/架位号 | 状态 | 备注 |
| 1 | 7839487 | 278394872 | 学院路分馆/ [索取号:K-61/JY18] | 在馆 | |
| 2 | 7839488 | 278394881 | 学院路分馆/ [索取号:K-61/JY18] | 在馆 |